[Event "Polanica Zdroj op-B 47th"]
[Site "Polanica Zdroj"]
[Date "2011.??.??"]
[Round "7"]
[White "Kwiatkowski, Zygmunt"]
[Black "Szczerbak, Stefan"]
[Result "1/2-1/2"]
[WhiteElo "1613"]
[BlackElo "1672"]
[PlyCount "23"]
[EventDate "2011.08.18"]
[EventType "swiss"]
[EventRounds "9"]
[EventCountry "POL"]
[SourceTitle "CBM 144 Extra"]
[Source "ChessBase"]
[SourceDate "2011.10.28"]
[SourceVersion "1"]
[SourceVersionDate "2011.10.28"]
[SourceQuality "1"]

1. c4 c5 2. Nc3 d6 3. g3 Nf6 4. Bg2 a6 5. d3 e5 6. Bg5 Be7 7. a3 0-0 8. Bd2 Nbd7 9. e3 Rb8 10. Nge2 b5 11. cxb5 axb5 12. b4 1/2-1/2

[Event "Polanica Zdroj op-B 47th"]
[Site "Polanica Zdroj"]
[Date "2011.??.??"]
[Round "4"]
[White "Szczerbak, Stefan"]
[Black "Zielinski, Andrzej"]
[Result "1-0"]
[WhiteElo "1672"]
[BlackElo "1618"]
[PlyCount "45"]
[EventDate "2011.08.18"]
[EventType "swiss"]
[EventRounds "9"]
[EventCountry "POL"]
[SourceTitle "CBM 144 Extra"]
[Source "ChessBase"]
[SourceDate "2011.10.28"]
[SourceVersion "1"]
[SourceVersionDate "2011.10.28"]
[SourceQuality "1"]

1. e4 e6 2. d4 g6 3. Nf3 d6 4. c4 Bg7 5. Nc3 h6 6. Be3 Ne7 7. Bd3 b6 8. 0-0 Bb7 9. Qc2 0-0 10. Rad1 Nbc6 11. a3 a5 12. d5 exd5 13. Nxd5 Kh7 14. b3 Bc8 15. h3 Ne5 16. Nxe5 Bxe5 17. f4 Bg7 18. f5 Nxd5 19. fxg6+ fxg6 20. exd5 Qe8 21. Bc1 Rxf1+ 22. Rxf1 Bd4+ 23. Kh2 1-0

[Event "POL-ch disabled"]
[Site "Rowy"]
[Date "2009.09.01"]
[Round "1.22"]
[White "Sidlo, Andrzej"]
[Black "Szczerbak, Stefan"]
[Result "1-0"]
[WhiteElo "1969"]
[BlackElo "1639"]
[PlyCount "120"]
[EventDate "2009.09.01"]
[EventType "swiss"]
[EventRounds "9"]
[EventCountry "POL"]
[SourceTitle "EXT 2023"]
[Source "ChessBase"]
[SourceDate "2022.10.05"]
[SourceVersion "1"]
[SourceVersionDate "2022.10.05"]
[SourceQuality "1"]

1. e4 c5 2. Bc4 e6 3. Nc3 d6 4. Nf3 Be7 5. d3 Nc6 6. a3 Nf6 7. 0-0 0-0 8. h3 a6 9. Ne2 b5 10. Ba2 Bb7 11. Ng3 Rb8 12. Bd2 a5 13. Ne2 b4 14. a4 Qc7 15. Bf4 e5 16. Bd2 Rbd8 17. Ng3 Bc8 18. Re1 d5 19. exd5 Nxd5 20. Ng5 f6 21. Nf3 Kh8 22. Nh2 Nb6 23. b3 Nd4 24. Ne2 Bf5 25. Ng3 Bg6 26. Nf3 Bd6 27. Nh4 Qf7 28. Ne4 Bxe4 29. dxe4 Bc7 30. Nf5 Rd7 31. Nxd4 Rxd4 32. Qe2 Rfd8 33. Bc1 Nc8 34. f3 Qd7 35. Be3 Ne7 36. Bxd4 cxd4 37. Rac1 Bb6 38. Kh1 d3 39. cxd3 Qxd3 40. Qxd3 Rxd3 41. Red1 Rc3 42. Kh2 Bd4 43. Rxc3 bxc3 44. Bb1 g5 45. g3 Nc6 46. Re1 Nb4 47. Re2 h6 48. h4 Kg7 49. Kh3 Nc6 50. hxg5 hxg5 51. Kg4 Kg6 52. Rh2 Nb4 53. f4 gxf4 54. gxf4 Be3 55. f5+ Kg7 56. Kf3 Bd2 57. Rg2+ Kf7 58. Ke2 Bg5 59. Kd1 Bh6 60. Rh2 Kg7 1-0

[Event "Polanica Zdroj op Seniors 45th"]
[Site "Polanica Zdroj"]
[Date "2009.08.19"]
[Round "2"]
[White "Solek, Zenon"]
[Black "Szczerbak, Stefan"]
[Result "1-0"]
[WhiteElo "1845"]
[BlackElo "1639"]
[PlyCount "32"]
[EventDate "2009.08.18"]
[EventType "swiss"]
[EventRounds "9"]
[EventCountry "POL"]
[SourceTitle "EXT 2012"]
[Source "ChessBase"]
[SourceDate "2011.11.24"]
[SourceVersion "1"]
[SourceVersionDate "2011.11.24"]
[SourceQuality "1"]

1. e4 c5 2. Nc3 d6 3. g3 Nf6 4. Bg2 Nc6 5. Nge2 Bg4 6. f3 Bd7 7. 0-0 e5 8. d3 Be7 9. f4 0-0 10. Nd5 Nxd5 11. exd5 Nd4 12. c3 Nxe2+ 13. Qxe2 Bf6 14. Be4 g6 15. f5 Bg7 16. Qf2 b5 1-0

[Event "POL-ch disabled"]
[Site "Chotowa"]
[Date "2007.05.29"]
[Round "6.20"]
[White "Szelag, Jozef"]
[Black "Szczerbak, Stefan"]
[Result "1/2-1/2"]
[WhiteElo "1730"]
[BlackElo "770"]
[PlyCount "37"]
[EventDate "2007.05.26"]
[EventType "swiss"]
[EventRounds "9"]
[EventCountry "POL"]
[SourceTitle "EXT 2023"]
[Source "ChessBase"]
[SourceDate "2022.10.05"]
[SourceVersion "1"]
[SourceVersionDate "2022.10.05"]
[SourceQuality "1"]

1. e4 c5 2. Nf3 d6 3. Bb5+ Bd7 4. Bxd7+ Nxd7 5. 0-0 Ngf6 6. Re1 Qc7 7. Nc3 a6 8. Qe2 0-0-0 9. b3 e6 10. Ng5 Ne5 11. f4 Nc6 12. Nf3 Be7 13. Rb1 Nb4 14. d3 Nd7 15. Bb2 f6 16. Kh1 h5 17. d4 h4 18. Nd1 h3 19. g3 1/2-1/2

[Event "POL-ch disabled"]
[Site "Chotowa"]
[Date "2007.05.27"]
[Round "2.25"]
[White "Szczerbak, Stefan"]
[Black "Janus, Radoslaw"]
[Result "1/2-1/2"]
[WhiteElo "717"]
[BlackElo "1773"]
[PlyCount "74"]
[EventDate "2007.05.26"]
[EventType "swiss"]
[EventRounds "9"]
[EventCountry "POL"]
[SourceTitle "EXT 2023"]
[Source "ChessBase"]
[SourceDate "2022.10.05"]
[SourceVersion "1"]
[SourceVersionDate "2022.10.05"]
[SourceQuality "1"]

1. e4 c5 2. Nf3 Nc6 3. d4 cxd4 4. Nxd4 g6 5. Be3 Bg7 6. c3 Nf6 7. f3 0-0 8. Bc4 Qb6 9. Bb3 d6 10. 0-0 Qd8 11. Qd2 Bd7 12. Na3 a6 13. Rad1 Rc8 14. Kh1 Na5 15. Bc2 b5 16. b4 Nc4 17. Nxc4 Rxc4 18. Bb3 Rc7 19. Rc1 Qc8 20. Rc2 e6 21. Rfc1 d5 22. e5 Ne8 23. f4 f6 24. Nf3 g5 25. exf6 Nxf6 26. Nxg5 h6 27. Nf3 Ne4 28. Qd3 Rxc3 29. Rxc3 Bxc3 30. Rc2 Qe8 31. Rxc3 Nxc3 32. Qxc3 Qg6 33. Bc2 Qh5 34. Qd3 Rf7 35. Ne5 Rg7 36. Bg1 Be8 37. Qc3 Qe2 1/2-1/2

[Event "POL-ch disabled"]
[Site "Chotowa"]
[Date "2007.05.26"]
[Round "1.21"]
[White "Szczerbak, Stefan"]
[Black "Bakalarczyk, Wlodzimierz"]
[Result "0-1"]
[WhiteElo "717"]
[BlackElo "1937"]
[PlyCount "42"]
[EventDate "2007.05.26"]
[EventType "swiss"]
[EventRounds "9"]
[EventCountry "POL"]
[SourceTitle "EXT 2023"]
[Source "ChessBase"]
[SourceDate "2022.10.05"]
[SourceVersion "1"]
[SourceVersionDate "2022.10.05"]
[SourceQuality "1"]

1. e4 c5 2. Nf3 Nc6 3. d4 cxd4 4. Nxd4 Nf6 5. Nc3 e5 6. Nb3 Bb4 7. f3 d5 8. exd5 Nxd5 9. Bd2 Be6 10. Nxd5 Bxd5 11. Bxb4 Qh4+ 12. g3 Qxb4+ 13. Qd2 Bxf3 14. Rg1 0-0 15. c3 Qb6 16. Qf2 Bd5 17. Qxb6 axb6 18. Nc1 Na5 19. a4 Rad8 20. b4 Nc4 21. Bg2 Ne3 0-1

[Event "Brandenburg Seniors op 15th"]
[Site "Rowy"]
[Date "2006.06.24"]
[Round "5"]
[White "Szczerbak, Stefan"]
[Black "Kolcz, Jozef"]
[Result "1-0"]
[WhiteElo "1545"]
[BlackElo "1491"]
[PlyCount "77"]
[EventDate "2006.06.19"]
[EventType "swiss"]
[EventRounds "9"]
[EventCountry "POL"]
[SourceTitle "EXT 2007"]
[Source "ChessBase"]
[SourceDate "2006.11.23"]
[SourceVersion "1"]
[SourceVersionDate "2006.11.23"]
[SourceQuality "1"]

1. d4 d5 2. h3 h6 3. Bf4 e6 4. Nf3 Nc6 5. a3 Bd6 6. Bxd6 Qxd6 7. e3 Nf6 8. c4 dxc4 9. Bxc4 Bd7 10. Nbd2 0-0 11. 0-0 a6 12. b4 b5 13. Bd3 Nh7 14. Qc2 f5 15. Rfc1 g5 16. Qc5 Rf7 17. Nf1 Kf8 18. Qxd6+ cxd6 19. Rc3 g4 20. Nh4 gxh3 21. gxh3 Kg7 22. Kh2 Kf6 23. f4 Rg8 24. Ng3 Rfg7 25. Rg1 Kf7 26. Rcc1 Ke7 27. Ne2 Rxg1 28. Nxg1 Nf6 29. Ng2 Rb8 30. Nf3 a5 31. bxa5 Nxa5 32. Rb1 Nd5 33. Nd2 Nc3 34. Rc1 b4 35. axb4 Rxb4 36. Rxc3 Rb2 37. Nc4 Nxc4 38. Bxc4 Rxg2+ 39. Kxg2 1-0